[Event "Campeonato de Aragon por Equipos 2009"]
[Site "Aragon"]
[Date "2009.02.28"]
[Round "5.51"]
[White "Arregui Untoria Carlos"]
[Black "Querol Soro Sergio"]
[Result "0-1"]
[WhiteElo "2003"]
[BlackElo "1959"]

1.d4 Nf6 2.c4 g6 3.f3 d5 4.cxd5 Qxd5 5.e4 Qd8 6.Nc3 Bg7 7.Be3 O-O 8.Qd2 Re8 9.
O-O-O c6 10.Bh6 Qa5 11.Kb1 Be6 12.Bxg7 Kxg7 13.e5 Nd5 14.Ne4 Qxd2 15.Rxd2 Nd7
16.Ne2 N7b6 17.N2g3 Rad8 18.Nc5 Bc8 19.Nge4 Ne3 20.Rd3 Nbd5 21.Ra3 b6 22.Na6
Bf5 23.g4 Nxg4 24.Bd3 Nge3 25.Rc1 Rc8 26.Ka1 Red8 27.Bb1 Ng2 28.Rg1 Ngf4 29.
Rd1 Rd7 30.Rb3 Rcd8 31.Nb4 Nxb4 32.Rxb4 Ne6 33.Ra4 Nxd4 34.Rc1 Nxf3 35.Rxc6
Rd1 36.a3 Bxe4 37.Rxe4 Nd2 38.Ra4 Nxb1 39.Ka2 Nd2 40.Rxa7 Nf3 41.Rxe7 Re1 42.
e6 Ng5 43.h4 Rxe6 44.Rexe6 Nxe6 45.Rxb6 h5 46.a4 Rd4 47.Ka3 Rxh4 48.a5 Nc5 49.
b4 Rh3+ 50.Ka2 Rh4 51.Ka3 Rc4 52.bxc5 Rxc5 53.a6 Ra5+ 54.Kb4 Ra1 55.Kb5 h4 56.
Rc6 g5 57.Rc5 f6 58.Kb6 h3 59.Ra5 Rxa5 0-1

[Event "Campeonato de Aragon por Equipos 2009"]
[Site "Aragon"]
[Date "2009.02.28"]
[Round "5.52"]
[White "Mombiela de Sus Jose Luis"]
[Black "Cebollada Pacheco Jesus Raul"]
[Result "1-0"]
[WhiteElo "1957"]
[BlackElo "1992"]

1.Nf3 e6 2.d4 c5 3.e3 Nf6 4.Bd3 Nc6 5.O-O d5 6.c3 Bd6 7.Nbd2 O-O 8.dxc5 Bxc5
9.e4 dxe4 10.Nxe4 Nxe4 11.Bxe4 Qxd1 12.Rxd1 Rd8 13.Bf4 Bb6 14.Ne5 Nxe5 15.Bxe5
f6 16.Rxd8+ Bxd8 17.Rd1 Be7 18.Bc7 Kf7 19.f4 Bc5+ 20.Kf1 g6 21.b4 Be7 22.Rd2
a6 23.Bf3 Ke8 24.Ba5 Rb8 25.Bc7 Ra8 26.Bd6 Ra7 27.c4 Bxd6 28.Rxd6 Ke7 29.Rb6
Kd7 30.Ke2 Kc7 31.c5 a5 32.b5 Bd7 33.Kd2 e5 34.a4 exf4 35.Rxf6 1-0

[Event "Campeonato de Aragon por Equipos 2009"]
[Site "Aragon"]
[Date "2009.02.28"]
[Round "5.53"]
[White "Cid Royo Jonathan"]
[Black "Sicilia Ruiz Manuel"]
[Result "1/2-1/2"]
[WhiteElo "2269"]
[BlackElo "2153"]

1.e4 c6 2.d4 d5 3.e5 g6 4.Bd3 Na6 5.c3 Nc7 6.f4 h5 7.Nf3 Nh6 8.Nh4 Nf5 9.Bxf5
Bxf5 10.Nxf5 gxf5 11.Be3 e6 12.Qf3 a5 13.Nd2 Na6 14.O-O Be7 15.Bf2 Kd7 16.b3
Qb6 17.Rac1 Rag8 18.c4 Nc7 19.Nb1 Qa6 20.Rfd1 Rg6 21.Rc2 Rg4 22.Be3 Rg6 23.Qe2
h4 24.Nc3 Rhg8 25.Qd3 Kd8 26.Na4 Rg4 27.c5 Qxd3 28.Rxd3 Ke8 29.Rf2 Na8 30.b4
axb4 31.Rb3 Kd7 32.Bd2 Rb8 33.Bxb4 Bd8 34.h3 Rg8 35.Rfb2 Kc8 36.Be1 Re8
1/2-1/2

[Event "Campeonato de Aragon por Equipos 2009"]
[Site "Aragon"]
[Date "2009.02.28"]
[Round "5.54"]
[White "Larrosa Poves Jose Manuel"]
[Black "Accattato Martin Mario"]
[Result "1/2-1/2"]
[WhiteElo "2080"]
[BlackElo "2084"]

1.d4 d5 2.c4 c6 3.Nf3 Nf6 4.e3 g6 5.Nc3 Bg7 6.Bd3 O-O 7.O-O dxc4 8.Bxc4 Bg4 9.
h3 Bxf3 10.Qxf3 Nbd7 11.Rd1 e5 12.d5 e4 13.Nxe4 Nxe4 14.Qxe4 Qc7 15.Qh4 a5 16.
Bd2 a4 17.Bb4 Bxb2 18.Bc3 Bxc3 1/2-1/2

[Event "Campeonato de Aragon por Equipos 2009"]
[Site "Aragon"]
[Date "2009.02.28"]
[Round "5.55"]
[White "Cid Royo Oscar"]
[Black "Larrosa Moles Marcos"]
[Result "1-0"]
[WhiteElo "2080"]
[BlackElo "1873"]

1.d4 d5 2.Nf3 Nf6 3.g3 Bf5 4.Bg2 h6 5.Nbd2 e6 6.c4 c6 7.O-O Bd6 8.Ne1 Nbd7 9.
f3 Bb4 10.Qb3 Qa5 11.Qe3 Qc7 12.b3 O-O 13.a3 Bd6 14.c5 Be7 15.Bb2 Rfe8 16.Nd3
Bf8 17.Ne5 Rad8 18.f4 Ne4 19.Ng4 Bxg4 20.Nf3 Bf5 21.Rfc1 Nc3 22.Qxc3 f6 23.h3
Bg6 24.g4 f5 25.Ne5 Bh7 26.e4 dxe4 27.g5 hxg5 28.fxg5 g6 29.h4 Kh8 30.Nc4 Bg7
31.Nd6 Rf8 32.Qg3 Bf6 1-0

[Event "Campeonato de Aragon por Equipos 2009"]
[Site "Aragon"]
[Date "2009.02.28"]
[Round "5.56"]
[White "Alava  Garcia Jose Antonio"]
[Black "Accattato Martin Nicola"]
[Result "1-0"]
[WhiteElo "1562"]
[BlackElo "1875"]

1.d4 d5 2.Nf3 Nf6 3.e3 g6 4.Bd3 Bg7 5.Nbd2 O-O 6.O-O Nc6 7.c3 e5 8.dxe5 Ng4 9.
Nd4 Ncxe5 10.Qe2 c5 11.N4b3 b6 12.c4 dxc4 13.Nxc4 Qh4 14.h3 Nxc4 15.Qf3 Be6
16.Qe4 Nd6 17.Qf4 Bc4 18.Qxg4 Qxg4 19.hxg4 Bxb3 20.axb3 1-0

[Event "Campeonato de Aragon por Equipos 2009"]
[Site "Aragon"]
[Date "2009.02.28"]
[Round "5.57"]
[White "Cebrian Valverde Jose Antonio"]
[Black "Gonzalvo Lara Victor"]
[Result "0-1"]
[WhiteElo "2200"]
[BlackElo "2108"]

1.c4 g6 2.d4 Bg7 3.e4 d6 4.Nc3 Nf6 5.Be2 O-O 6.Nf3 c6 7.O-O d5 8.e5 Ne8 9.Qb3
dxc4 10.Bxc4 b5 11.Bd3 Be6 12.Qc2 Na6 13.a3 Nec7 14.Be3 Nd5 15.Ng5 Nxe3 16.
fxe3 Bh6 17.Nce4 Bd5 18.Qe2 f5 19.exf6 exf6 20.Nf3 Qe7 21.Nc3 Qxe3+ 22.Qxe3
Bxe3+ 23.Kh1 Bxf3 24.gxf3 Bxd4 25.a4 Nc5 26.Bb1 Bxc3 27.bxc3 Nxa4 28.c4 Nc3
29.Bc2 a5 30.Rfc1 b4 31.c5 a4 32.Bd3 Rfe8 33.f4 Re3 34.Bf1 Kg7 35.Bg2 Rc8 36.
f5 b3 37.Rxc3 Rxc3 38.Rxa4 Rc1+ 0-1

[Event "Campeonato de Aragon por Equipos 2009"]
[Site "Aragon"]
[Date "2009.02.28"]
[Round "5.59"]
[White "Gutierrez Minguenza Ruben"]
[Black "Alvarez Gonzalo Miguel Angel"]
[Result "1-0"]
[WhiteElo "2068"]
[BlackElo "1917"]

1.d4 Nf6 2.c4 e6 3.Nf3 b6 4.g3 Bb7 5.Bg2 Bb4+ 6.Bd2 Qe7 7.Nc3 c5 8.d5 O-O 9.
O-O Bxc3 10.Bxc3 Ne4 11.Rc1 d6 12.Ne1 exd5 13.cxd5 Ba6 14.Nd3 Nd7 15.Be1 Rfe8
16.f3 Nef6 17.e4 b5 18.Bf2 b4 19.b3 Bb5 20.Re1 Ne5 21.Nxe5 Qxe5 22.f4 Qh5 23.
Qxh5 Nxh5 24.e5 dxe5 25.fxe5 Rac8 26.Bxc5 a5 27.Bh3 Rc7 28.d6 Rb7 29.Bg2 Rd7
30.Bd5 Kf8 31.e6 fxe6 32.Bxe6 Nf6 33.Bxd7 Rxe1+ 34.Rxe1 Nxd7 35.Bd4 h5 36.Re7
1-0

[Event "Campeonato de Aragon por Equipos 2009"]
[Site "Aragon"]
[Date "2009.02.28"]
[Round "5.62"]
[White "Lucea Valero Alejandro"]
[Black "Lopez Guaita Fernando"]
[Result "1/2-1/2"]
[WhiteElo "1968"]
[BlackElo "2062"]

1.Nf3 Nf6 2.c4 e6 3.g3 d5 4.Bg2 Be7 5.O-O O-O 6.b3 b6 7.Bb2 Bb7 8.Qc2 c5 9.d4
Nbd7 10.dxc5 Bxc5 11.Bd4 Rc8 12.Nbd2 Qe7 13.Bxc5 Qxc5 14.Qb2 dxc4 15.Nxc4 Ba6
16.Rac1 Qb4 17.a3 Qe7 18.Rfd1 Bxc4 19.Rxc4 Rxc4 20.bxc4 Rc8 21.Rc1 h6 22.Qb4
Qc5 23.Nd2 Qe5 24.e3 Nc5 25.Qc3 Qxc3 26.Rxc3 Rd8 27.Rc2 Rd3 28.Ra2 Kf8 29.Bf1
Rc3 30.a4 a5 31.Kg2 Ke7 32.Be2 Kd6 33.Nf3 Nb3 34.Rb2 Nc1 35.Nd4 Nxe2 36.Nxe2
Rxc4 37.Rxb6+ Kc7 38.Ra6 Rxa4 39.Ra7+ Kd6 40.Rxf7 Ra2 41.Nc3 Rc2 42.Nb5+ Ke5
43.Nd4 Ra2 44.Rxg7 a4 45.Re7 Ng4 46.Rxe6+ Kd5 47.Ra6 Nxe3+ 48.Kf3 Nd1 49.Ne2
Ra3+ 50.Kg2 Ra2 51.Nf4+ Kc4 52.Nh3 Ne3+ 53.Kf3 Nf1 1/2-1/2

[Event "Campeonato de Aragon por Equipos 2009"]
[Site "Aragon"]
[Date "2009.02.28"]
[Round "5.63"]
[White "Ferrer Echevarri Francisco Javi"]
[Black "Minguez Guinda Andres"]
[Result "1-0"]
[WhiteElo "1969"]
[BlackElo "1942"]

1.d4 d5 2.c4 e6 3.Nc3 Nf6 4.Bg5 Nbd7 5.cxd5 exd5 6.e3 c6 7.Bd3 Be7 8.Nf3 O-O
9.O-O Re8 10.Rb1 Nf8 11.Qc2 Be6 12.b4 Rc8 13.a4 b6 14.Ne5 N6d7 15.Bxe7 Qxe7
16.Nxd7 Qxd7 17.Rfc1 Qb7 18.Ne2 Bd7 19.Nf4 Qb8 20.Qa2 Qd6 21.Rb2 Qh6 22.Rbc2
Ne6 23.Nxe6 fxe6 24.f4 g5 25.Rf2 gxf4 26.exf4 Qf6 27.Qd2 Kh8 28.Qe3 Rg8 29.
Rcf1 c5 30.bxc5 bxc5 31.dxc5 Qe7 32.Qe5+ Qg7 33.Rf3 Qxe5 34.fxe5 Bxa4 35.Ra1
Be8 36.Rxa7 Rg7 1-0

[Event "Campeonato de Aragon por Equipos 2009"]
[Site "Aragon"]
[Date "2009.02.28"]
[Round "5.64"]
[White "Buil Montanes Carlos"]
[Black "Velamazan Gomez Angel"]
[Result "1-0"]
[WhiteElo "1956"]
[BlackElo "1898"]

1.c4 c5 2.Nf3 Nf6 3.Nc3 Nc6 4.g3 e6 5.Bg2 Be7 6.O-O d5 7.cxd5 Nxd5 8.d4 O-O 9.
e4 Nxc3 10.bxc3 Qa5 11.Qb3 cxd4 12.cxd4 Qh5 13.Bf4 g5 14.Be3 g4 15.Nd2 Rd8 16.
Qb2 e5 17.d5 Na5 18.Rac1 b6 19.f4 Ba6 20.Rfe1 f6 21.Bf1 Bxf1 22.Rxf1 Rac8 23.
fxe5 fxe5 24.Rf5 Qg6 25.Rxc8 Rxc8 26.Qxe5 Rc1+ 27.Nf1 Bd6 28.Qb2 Rxf1+ 29.Kxf1
Nc4 30.Qc1 1-0

[Event "Campeonato de Aragon por Equipos 2009"]
[Site "Aragon"]
[Date "2009.03.07"]
[Round "6.1"]
[White "Garza Marco Sergio"]
[Black "Adla Diego"]
[Result "1/2-1/2"]
[WhiteElo "2386"]
[BlackElo "2508"]

1.d4 d5 2.c4 e6 3.Nc3 c6 4.Nf3 dxc4 5.a4 Bb4 6.e3 b5 7.Bd2 a5 8.axb5 Bxc3 9.
Bxc3 cxb5 10.b3 Bb7 11.bxc4 b4 12.Bb2 Nf6 13.Bd3 Nbd7 14.O-O O-O 15.Re1 Ne4
16.c5 Qc7 17.Nd2 Nxd2 18.Qxd2 e5 19.Rec1 e4 20.Bc4 Rfc8 21.Bb3 Ra6 1/2-1/2

[Event "Campeonato de Aragon por Equipos 2009"]
[Site "Aragon"]
[Date "2009.03.07"]
[Round "6.2"]
[White "Glavina Rossi Pablo"]
[Black "Llanes Luno Ricardo"]
[Result "1-0"]
[WhiteElo "2465"]
[BlackElo "2225"]

1.d4 d5 2.c4 c6 3.cxd5 cxd5 4.Bf4 Nf6 5.Nc3 e6 6.e3 Bd6 7.Bxd6 Qxd6 8.Bd3 O-O
9.f4 Bd7 10.Nf3 b5 11.O-O b4 12.Na4 Bxa4 13.Qxa4 Nbd7 14.Rac1 Nb6 15.Qa5 Rac8
16.Ne5 Ne4 17.Ba6 Rc7 18.Rxc7 Qxc7 19.Qxb4 f6 20.Nd3 Rb8 21.Rc1 Nc4 22.Qe1 Qb6
23.Bxc4 dxc4 24.Rxc4 Qa6 25.Qc1 Qxa2 26.Rc8+ Rxc8 27.Qxc8+ Kf7 28.Qb7+ Kg6 29.
Qxe4+ f5 30.Ne5+ 1-0

[Event "Campeonato de Aragon por Equipos 2009"]
[Site "Aragon"]
[Date "2009.03.07"]
[Round "6.3"]
[White "Lamas Mercadal Manuel"]
[Black "Moreno Gracia Daniel"]
[Result "1/2-1/2"]
[WhiteElo "2225"]
[BlackElo "2212"]

1.e4 e5 2.Nf3 Nc6 3.Bb5 a6 4.Bxc6 dxc6 5.O-O f6 6.d4 exd4 7.Nxd4 c5 8.Nb3 Qxd1
9.Rxd1 Bd7 10.Bf4 O-O-O 11.Nc3 Be6 12.Rxd8+ Kxd8 13.Rd1+ Kc8 14.Nd5 Bd6 15.
Nb6+ cxb6 16.Rxd6 Bxb3 17.axb3 Ne7 18.Kf1 Nc6 19.c3 Rd8 20.Ke2 Rxd6 21.Bxd6
Kd7 22.Bf8 g6 23.f4 Ke8 1/2-1/2

[Event "Campeonato de Aragon por Equipos 2009"]
[Site "Aragon"]
[Date "2009.03.07"]
[Round "6.4"]
[White "Quintin Navarro Alberto"]
[Black "Roche Simon Miguel Angel"]
[Result "0-1"]
[WhiteElo "2098"]
[BlackElo "2062"]

1.d4 d5 2.c4 e6 3.Nf3 c5 4.g3 Nc6 5.Bg2 Nf6 6.O-O Be7 7.cxd5 exd5 8.Nc3 O-O 9.
Bg5 cxd4 10.Nxd4 h6 11.Bf4 Bg4 12.Rc1 Qd7 13.Nxc6 bxc6 14.Na4 Rfe8 15.Be3 Rad8
16.f3 Bf5 17.Qd4 Qe6 18.Kf2 Nd7 19.Qd2 Bb4 20.Rxc6 Bxd2 21.Rxe6 Rxe6 22.Bxd2
d4 23.Re1 Rc6 24.g4 Be6 25.e3 Ne5 26.Bf1 Rc2 27.Rd1 Bc4 0-1

[Event "Campeonato de Aragon por Equipos 2009"]
[Site "Aragon"]
[Date "2009.03.07"]
[Round "6.5"]
[White "Colas Longares Rafael P"]
[Black "Salamero Pelay Fernando"]
[Result "1-0"]
[WhiteElo "2330"]
[BlackElo "2167"]

1.e4 c5 2.Nf3 g6 3.d4 Bg7 4.Nc3 Qa5 5.dxc5 Bxc3+ 6.bxc3 Qxc3+ 7.Bd2 Qxc5 8.Bd3
d6 9.Rb1 a6 10.O-O Nd7 11.Be3 Qh5 12.Qd2 Ngf6 13.h3 Nc5 14.e5 Nd5 15.exd6 Bxh3
16.Bxc5 Bxg2 17.Nh2 Bxf1 18.d7+ Kxd7 19.Bxf1 b5 20.Be2 Qe5 21.Re1 Qc3 22.Qxd5+
Kc7 23.Nf3 Rad8 24.Qe5+ Qxe5 25.Nxe5 Rd5 26.Nd3 e6 27.Bf3 Rf5 28.Kg2 Rd8 29.
Be3 Kb8 30.Rh1 Rc8 31.Rxh7 Rxc2 32.Be4 Rh5 33.Rxf7 Rxa2 34.Nb4 Ra4 35.Bb6 Rh8
36.Nc6+ Kc8 37.Rc7# 1-0

[Event "Campeonato de Aragon por Equipos 2009"]
[Site "Aragon"]
[Date "2009.03.07"]
[Round "6.6"]
[White "Gella Bitrian Diego"]
[Black "Garcia Vicente Nieves"]
[Result "1-0"]
[WhiteElo "1864"]
[BlackElo "2228"]

1.e4 c5 2.Nf3 Nc6 3.d4 cxd4 4.Nxd4 e5 5.Nb5 a6 6.Nd6+ Bxd6 7.Qxd6 Qf6 8.Qd1
Qg6 9.Nc3 Nge7 10.g3 d5 11.exd5 Nb4 12.Bd3 Bf5 13.Be3 Bxd3 14.cxd3 O-O 15.Qb3
Nxd3+ 16.Ke2 Nf5 17.Rhd1 Nxe3 18.Rxd3 Nf5 19.Kf1 h5 20.Rad1 Nd6 21.Qb6 Rac8
22.Qe3 e4 23.Rd4 Nf5 24.Qxe4 Nxd4 25.Qxg6 fxg6 26.Rxd4 Rf7 27.Rd2 Rc4 28.Ne2
g5 29.Nd4 Rd7 30.Ne6 g4 31.Nf4 h4 32.Ng2 h3 33.Ne3 Re4 34.b3 Kf7 35.Nc4 b5 36.
Ne3 Kf6 37.Ke2 Ke5 38.Kf1 Rd6 39.Rc2 g6 40.Rd2 Rxe3 41.fxe3 Rxd5 42.Rxd5+ Kxd5
43.Ke2 Ke4 44.b4 Ke5 45.Kd3 Kd5 46.e4+ Ke6 47.Kd4 Kd6 48.e5+ Ke6 49.Ke4 Kd7
50.Kd5 Ke7 51.e6 Ke8 52.Kd6 Kd8 53.e7+ Ke8 54.Ke6 g5 55.a3 a5 56.bxa5 b4 57.a6
1-0

[Event "Campeonato de Aragon por Equipos 2009"]
[Site "Aragon"]
[Date "2009.03.07"]
[Round "6.7"]
[White "Cabrera Moreno Daniel"]
[Black "Biarge Carnicer Arturo"]
[Result "1/2-1/2"]
[WhiteElo "2207"]
[BlackElo "1858"]

1.d4 Nf6 2.Bg5 e6 3.e3 h6 4.Bxf6 Qxf6 5.f4 c5 6.c3 b6 7.Qf3 Nc6 8.Bd3 Bb7 9.
Qf2 Be7 10.Nd2 Qh4 11.Ngf3 Qxf2+ 12.Kxf2 O-O 13.g4 cxd4 14.exd4 Rac8 15.h4
Rfd8 16.Rhe1 Bd6 17.Ne5 Nxe5 18.fxe5 Be7 19.Kg3 d6 20.Nc4 dxe5 21.Nxe5 f6 22.
Nf3 Bd6+ 23.Kf2 e5 24.Bf5 Rc7 25.dxe5 Bc5+ 26.Kg3 fxe5 27.Rad1 Rxd1 28.Rxd1
Bxf3 29.Kxf3 Kf7 30.h5 Kf6 31.Rd8 Be7 32.Rc8 Rxc8 33.Bxc8 a5 34.Ke4 Bc5 35.a3
g6 36.hxg6 Kxg6 37.Bd7 Kg5 38.Kxe5 h5 39.gxh5 1/2-1/2

[Event "Campeonato de Aragon por Equipos 2009"]
[Site "Aragon"]
[Date "2009.03.07"]
[Round "6.8"]
[White "Bellosta Lopez Pablo"]
[Black "Ferrer Serrano Roberto"]
[Result "1/2-1/2"]
[WhiteElo "1835"]
[BlackElo "2192"]

1.e4 c5 2.Nf3 Nc6 3.d4 cxd4 4.Nxd4 Nf6 5.Nc3 e5 6.Ndb5 d6 7.Bg5 a6 8.Bxf6 gxf6
9.Na3 b5 10.Nd5 f5 11.c3 Bg7 12.exf5 Bxf5 13.Nc2 Be6 14.Nce3 f5 15.Qh5+ Kd7
16.Bd3 f4 17.Bf5 Bxf5 18.Nxf5 Bf8 19.Rd1 Kc8 20.Nh6 Kb8 21.Nf7 Qe8 22.Nf6 Qe6
23.Nxh8 Qxf6 24.Qe8+ Nd8 25.Nf7 Qxf7 26.Qxd8+ Kb7 27.Qh4 Re8 28.O-O Re6 29.
Rfe1 e4 30.Rd4 Be7 31.Qg4 d5 32.Rxd5 Bd6 33.Rg5 Re7 34.Qf5 Qxa2 35.Qd5+ Qxd5
36.Rxd5 Kc6 37.Rd4 e3 38.fxe3 fxe3 39.Re2 Bc5 40.Rf4 a5 41.g4 b4 42.cxb4 Bxb4
43.Kg2 Kd5 44.Kf3 Bd2 45.h4 Rc7 46.g5 Rc1 47.Kg2 Rc7 48.Kg3 Ke5 49.h5 Rc1 50.
Rf7 Rg1+ 51.Kh2 Rxg5 52.Rxh7 Ke4 53.Rd7 Rxh5+ 54.Kg3 Rg5+ 55.Kh4 Rf5 56.Rdxd2
Kf3 57.Rc2 Re5 58.b3 Rb5 59.Rh2 Rxb3 60.Ra2 Rb4+ 61.Kg5 Rg4+ 62.Kf5 Rf4+ 63.
Ke5 Re4+ 64.Kd5 e2 65.Ra3+ Kg4 66.Rg2+ Kf4 67.Rxe2 Rxe2 68.Rxa5 1/2-1/2

[Event "Campeonato de Aragon por Equipos 2009"]
[Site "Aragon"]
[Date "2009.03.07"]
[Round "6.9"]
[White "Llorente Zaro Alfonso"]
[Black "Baron Rodriguez Jesus"]
[Result "1/2-1/2"]
[WhiteElo "2403"]
[BlackElo "2422"]

1.d4 d5 2.Nf3 Bf5 3.e3 e6 4.c4 c6 5.Nc3 Nd7 6.Bd3 Bxd3 7.Qxd3 Bb4 8.Bd2 Ngf6
9.O-O Bxc3 10.Bxc3 Ne4 11.Nd2 Nxd2 12.Bxd2 O-O 13.e4 Rc8 14.Rae1 dxe4 15.Qxe4
b5 16.b3 bxc4 17.bxc4 Qb6 18.Rb1 Qa6 19.Qc2 Nb6 20.Rfc1 Rfd8 21.Be3 Rc7 22.Qe2
Rcd7 23.h4 Nc8 24.Bg5 Re8 25.Rb8 Rxd4 26.Be3 Rdd8 27.Rd1 Qa5 28.Bg5 Rxd1+ 29.
Qxd1 Qc7 30.Rb3 f6 31.Be3 e5 32.Rd3 Nb6 33.Bxb6 Qxb6 34.Rd7 Qb4 35.Qg4 Qb1+
36.Kh2 Qg6 37.Qxg6 hxg6 38.Rxa7 Rd8 39.Ra6 Rd2 40.Kg3 Rc2 41.Rxc6 Rxa2 42.Rc8+
Kh7 43.c5 Rc2 44.c6 f5 45.f3 g5 46.hxg5 Kg6 47.c7 Kxg5 48.Re8 Rxc7 1/2-1/2

[Event "Campeonato de Aragon por Equipos 2009"]
[Site "Aragon"]
[Date "2009.03.07"]
[Round "6.10"]
[White "Baron Rodriguez Jorge"]
[Black "Ramon Perez Jose Luis"]
[Result "0-1"]
[WhiteElo "2346"]
[BlackElo "2315"]

1.d4 g6 2.c4 Bg7 3.e4 c5 4.d5 d6 5.Nc3 Nf6 6.f4 b5 7.cxb5 O-O 8.Nf3 Qa5 9.Nd2
e6 10.Nc4 Qc7 11.dxe6 Bxe6 12.Qxd6 Qc8 13.Be3 Ng4 14.Bg1 Rd8 15.Qxc5 Qb7 16.
Nd6 Bxc3+ 17.bxc3 Rxd6 18.Qxd6 Qxe4+ 19.Kd2 Nd7 20.Qd4 Qb7 21.Re1 Ngf6 22.h4
Bf5 23.h5 gxh5 24.Rh3 Qc7 25.Bc4 Nb6 26.Qxf6 Qxf4+ 27.Be3 Nxc4+ 28.Kc1 Re8 29.
Rxh5 Rxe3 30.Qg5+ Bg6 31.Qxg6+ 0-1

[Event "Campeonato de Aragon por Equipos 2009"]
[Site "Aragon"]
[Date "2009.03.07"]
[Round "6.11"]
[White "Remiro Juste Fernando Jose"]
[Black "Forcen Esteban Daniel"]
[Result "0-1"]
[WhiteElo "2314"]
[BlackElo "2169"]

1.d4 Nf6 2.Nf3 g6 3.Bg5 Bg7 4.c3 O-O 5.Nbd2 d5 6.e3 h6 7.Bh4 Bf5 8.Be2 Nbd7 9.
h3 c5 10.g4 Be4 11.Nxe4 Nxe4 12.Nd2 cxd4 13.exd4 Ndf6 14.f3 Nd6 15.Qb3 e6 16.
Bg3 Qd7 17.Qb4 Rfd8 18.Nb3 b6 19.Nc1 Qc6 20.Nd3 Bf8 21.Qb3 Nc4 22.Ne5 Nxe5 23.
Bxe5 Nd7 24.Bb5 Qb7 25.Bf4 a6 26.Bd3 Re8 27.O-O-O b5 28.Kb1 Nb6 29.h4 Nc4 30.
h5 g5 31.Bc1 Bd6 32.Rhg1 Qc7 33.Ka1 Kg7 34.Bb1 Bf4 35.Qc2 Rh8 36.Rde1 Rac8 37.
Rgf1 Qd6 38.b3 Nb6 39.Qd3 Rc7 40.Kb2 b4 41.cxb4 Qxb4 42.Bxf4 gxf4 43.Rc1 Na4+
44.Ka1 Rc3 45.Rxc3 Nxc3 46.Rc1 Nb5 47.Rd1 a5 48.Qd2 Rc8 49.Qd3 Kf8 50.g5 hxg5
51.h6 Qc3+ 52.Qxc3 Rxc3 53.Kb2 Rxf3 54.Rc1 Rf2+ 55.Ka1 Nd6 56.Rc6 Ne8 57.Bd3
Rh2 58.Rc8 Rxh6 59.Bb5 g4 60.Bxe8 f3 61.Bb5+ Kg7 62.Rc3 g3 0-1

[Event "Campeonato de Aragon por Equipos 2009"]
[Site "Aragon"]
[Date "2009.03.07"]
[Round "6.12"]
[White "Antolin Concha Diego"]
[Black "Valiente Gimenez Jose Luis"]
[Result "1-0"]
[WhiteElo "2122"]
[BlackElo "2117"]

1.d4 Nf6 2.c4 g6 3.Nc3 Bg7 4.Bf4 O-O 5.e3 c5 6.d5 d6 7.h3 Na6 8.Nf3 Nc7 9.Be2
a6 10.a4 b6 11.O-O Rb8 12.e4 b5 13.axb5 axb5 14.cxb5 Bd7 15.e5 Nfe8 16.exd6
exd6 17.Rb1 Nxb5 18.Nxb5 Bxb5 19.Nd2 Bxe2 20.Qxe2 Nc7 21.Nc4 Re8 22.Qd3 Nb5
23.Qg3 Nd4 24.Kh1 Ne2 25.Qf3 Nxf4 26.Qxf4 Rb4 27.b3 Be5 28.Qd2 Qb8 29.Qd3 Bf6
30.Qg3 Be7 31.Rfe1 Kf8 32.Na5 Qb6 33.Nc6 Rb5 34.Qc3 f6 35.Rxe7 Rxe7 36.Qxf6+
1-0

[Event "Campeonato de Aragon por Equipos 2009"]
[Site "Aragon"]
[Date "2009.03.07"]
[Round "6.13"]
[White "Ruiz Diez Julio Cesar"]
[Black "Guzman Moneo Alberto"]
[Result "1-0"]
[WhiteElo "2299"]
[BlackElo "2231"]

1.e4 e6 2.d4 d5 3.Nc3 Bb4 4.exd5 exd5 5.Bd3 Nc6 6.Ne2 Bg4 7.Be3 Nf6 8.O-O O-O
9.f3 Be6 10.Ng3 Na5 11.Nce2 Nc4 12.Bc1 Re8 13.b3 Na3 14.c3 Bf8 15.Bg5 h6 16.
Be3 c6 17.Qd2 Nb5 18.Rae1 Nd6 19.Nf4 a5 20.Bc2 a4 21.Qd3 axb3 22.axb3 Ra2 23.
Re2 Bd7 24.Rfe1 b5 25.Bb1 Ra3 26.Bc1 Rxe2 27.Rxe2 Ra8 28.Re5 Be8 29.h4 g6 30.
h5 g5 31.Nh3 Bg7 32.Nxg5 hxg5 33.Bxg5 Ra1 34.h6 Bh8 35.Nh5 Kf8 36.h7 Nxh5 37.
Bxd8 Nf4 38.Be7+ Kg7 39.Qc2 Nc8 40.Bf6+ Kxf6 41.Rxe8 Ng6 42.Qf5+ Kg7 43.Rg8+
Kxh7 44.Qxf7+ 1-0

[Event "Campeonato de Aragon por Equipos 2009"]
[Site "Aragon"]
[Date "2009.03.07"]
[Round "6.14"]
[White "Navarro Alonso Jorge Luis"]
[Black "Lasanta Rica Cesar"]
[Result "1/2-1/2"]
[WhiteElo "2176"]
[BlackElo "2277"]

1.e4 c5 2.Nf3 e6 3.d4 cxd4 4.Nxd4 a6 5.c4 Nf6 6.Nc3 Qc7 7.a3 b6 8.Be3 Bb7 9.f3
Be7 10.Be2 d6 11.Rc1 O-O 12.O-O Nbd7 13.Qd2 Rac8 14.Rfd1 Qb8 15.b4 Bd8 16.Kh1
Bc7 17.Bg1 Kh8 18.Nb3 Qa8 19.Na4 Bc6 20.Nb2 Ne5 21.Nd4 Bb7 22.Na4 Rcd8 23.Nb3
Ned7 24.Be3 Qb8 25.Bg1 Qa8 26.Be3 Qb8 27.Bg1 Qa8 1/2-1/2

[Event "Campeonato de Aragon por Equipos 2009"]
[Site "Aragon"]
[Date "2009.03.07"]
[Round "6.15"]
[White "Glaria Murillo Christian"]
[Black "Montes Santos Lorenzo"]
[Result "1-0"]
[WhiteElo "2154"]
[BlackElo "2089"]

1.e4 c5 2.Nc3 g6 3.g3 Bg7 4.Bg2 Nc6 5.d3 d6 6.Nf3 Nf6 7.h3 Rb8 8.a4 O-O 9.O-O
a6 10.Be3 b5 11.axb5 axb5 12.Qd2 Ne8 13.Bh6 Nc7 14.Bxg7 Kxg7 15.d4 b4 16.Nd5
e6 17.Ne3 e5 18.c3 Qf6 19.d5 Ne7 20.Nh2 h5 21.f4 bxc3 22.bxc3 Nb5 23.f5 gxf5
24.exf5 Ng8 25.Neg4 hxg4 26.Nxg4 Qxf5 27.Rxf5 Bxf5 28.Ne3 Bg6 29.g4 Ne7 30.Rf1
Na3 31.Nf5+ Bxf5 32.Qg5+ Bg6 33.Qxe7 Nc4 34.Qf6+ Kh7 35.Qh4+ Kg7 36.Qf6+ Kh7
37.Re1 Rb3 38.h4 Rg8 39.h5 Bxh5 40.gxh5 Rb2 41.Qxf7+ Kh8 42.Qf6+ Kh7 43.Qf5+
Kh8 44.Qf3 Nd2 45.Qf6+ Kh7 46.Re2 e4 47.Kh2 1-0

[Event "Campeonato de Aragon por Equipos 2009"]
[Site "Aragon"]
[Date "2009.03.07"]
[Round "6.16"]
[White "Cerrajeria Ruiz Jesus Maria"]
[Black "Jimenez Fernandez Alejandro"]
[Result "0-1"]
[WhiteElo "2079"]
[BlackElo "1984"]

1.Nf3 f5 2.e4 fxe4 3.Ng5 Nf6 4.d3 e3 5.Bxe3 b6 6.d4 d5 7.Bd3 g6 8.Qf3 Qd6 9.
Bf4 Qb4+ 10.Nc3 c6 11.a3 Qxd4 12.O-O-O Bg4 13.Nxh7 Bxf3 14.Bxg6+ Kd8 15.Rxd4
Nxh7 16.gxf3 Nd7 17.Rdd1 e5 18.Bd2 Nhf6 19.h4 Nh5 20.Bg5+ Kc7 21.Ne2 Bd6 22.
Ng3 Ndf6 23.Nf5 Bc5 24.Be3 Rag8 25.Bxc5 bxc5 26.Bxh5 Nxh5 27.Rde1 Re8 28.Rhg1
Nf4 29.Rg7+ Kb6 30.Rf7 Ng2 31.Rh1 Ref8 32.Nh6 Rxf7 33.Nxf7 Rh5 34.Kd2 Rf5 35.
Rh2 Nxh4 36.Nxe5 Nxf3+ 37.Nxf3 Rxf3 38.Ke2 Rf7 39.Ke3 c4 40.f4 Kc5 41.Rf2 Re7+
42.Kf3 d4 43.Rg2 Re3+ 44.Kg4 d3 45.cxd3 cxd3 46.Rd2 Kd4 47.f5 Re2 48.Rd1 d2
49.f6 Kd3 50.Rf1 Re8 51.Rf3+ Ke2 52.f7 Rf8 0-1

[Event "Campeonato de Aragon por Equipos 2009"]
[Site "Aragon"]
[Date "2009.03.07"]
[Round "6.17"]
[White "Martinez Catalin Francisco Javier"]
[Black "Fontana Sotomayour Luis Javier"]
[Result "0-1"]
[WhiteElo "2261"]
[BlackElo "2340"]

1.e4 Nf6 2.e5 Nd5 3.d4 d6 4.Nf3 Bg4 5.Be2 c6 6.O-O Bxf3 7.Bxf3 dxe5 8.dxe5 e6
9.Qe2 Nd7 10.b3 Qc7 11.Bb2 Nf4 12.Qe4 Ng6 13.Re1 O-O-O 14.a4 a5 15.Na3 Bb4 16.
Re2 Bxa3 17.Rxa3 Ndxe5 18.Ra1 Nxf3+ 19.Qxf3 e5 20.Qe3 Nf4 21.Ree1 f6 22.b4 Nd5
23.Qh3+ Qd7 24.Qxd7+ Rxd7 25.bxa5 Nb4 26.Rac1 Rhd8 27.Ba3 Na6 28.Kf1 Rd4 29.c4
Rd3 30.Re3 Rxe3 31.fxe3 e4 32.Ke2 Rd3 33.Bf8 g6 34.g4 Rb3 35.Kf2 Nc7 36.Be7 f5
37.gxf5 gxf5 38.Rd1 Rd3 39.Rxd3 exd3 40.Ke1 Kd7 41.Ba3 Ne6 42.Kd2 Ng5 43.Kxd3
Nf3 44.h3 Nh4 45.Kd4 Nf3+ 46.Kd3 Ke6 47.e4 Ne5+ 48.Kd4 f4 49.Bc1 c5+ 50.Kc3
Ng6 51.Kd3 Kf6 52.Ba3 Ne5+ 53.Ke2 Nxc4 54.Bxc5 Ke5 {Segun fritz 11 y ribka 3 esta posición es (0.00) con Rd3 por no poder comerse el peon de a (55.Rd3, Cb2+; 56.Rc2, Cc4; 57 Rd3=)}
0-1

[Event "Campeonato de Aragon por Equipos 2009"]
[Site "Aragon"]
[Date "2009.03.07"]
[Round "6.18"]
[White "Antoli Royo Joaquin Miguel"]
[Black "Solano Lasierra Javier"]
[Result "1-0"]
[WhiteElo "2323"]
[BlackElo "2144"]

1.e4 e6 2.d4 d5 3.e5 c5 4.Nf3 Nc6 5.Bd3 Bd7 6.O-O Rc8 7.a3 Qb6 8.dxc5 Bxc5 9.
Qe2 Nh6 10.b4 Be7 11.Bb2 O-O 12.Nbd2 f6 13.c4 fxe5 14.Nxe5 Nxe5 15.Bxe5 Bf6
16.h3 Bxe5 17.Qxe5 Nf7 18.Qg3 Qd8 19.Rac1 Qf6 20.Rfe1 Kh8 21.Nf3 Bc6 22.b5 Bd7
23.cxd5 exd5 24.Rc7 Rxc7 25.Qxc7 Bxh3 26.Qc5 Nd6 27.Ne5 Be6 28.f3 Nc4 29.Nxc4
dxc4 30.Rxe6 1-0

[Event "Campeonato de Aragon por Equipos 2009"]
[Site "Aragon"]
[Date "2009.03.07"]
[Round "6.19"]
[White "Pellicer Cemeli Jose Luis"]
[Black "Cortes Lizano Jesus"]
[Result "1-0"]
[WhiteElo "2047"]
[BlackElo "2231"]

1.e4 c5 2.Nf3 d6 3.d4 Nf6 4.Nc3 cxd4 5.Nxd4 a6 6.Be3 e6 7.f3 b5 8.g4 Bb7 9.Qd2
Nfd7 10.O-O-O Nb6 11.Bg5 Qd7 12.Qf2 Qc7 13.Kb1 N8d7 14.Bd3 d5 15.exd5 Nxd5 16.
Nxd5 Bxd5 17.Be4 Bxe4 18.fxe4 Bc5 19.Qd2 Nb6 20.Nb3 O-O 21.Bf4 Qc6 22.Nxc5 1-0